Pekárske a cukrárske technologické výpočty
Na minha lista:
| Autor principal: | |
|---|---|
| Outros Autores: | |
| Formato: | Livro |
| Idioma: | eslovaco |
| Publicado em: |
Bratislava
Cecch pekárov a cukrárov regionu západného Slovenska
2003
|
| Assuntos: | |
| Acesso em linha: | View in OPAC |
| Tags: |
Sem tags, seja o primeiro a adicionar uma tag!
|
MARC
| LEADER | 00000nam a2200000 a 4500 | ||
|---|---|---|---|
| 005 | 20260127133926.0 | ||
| 008 | 060328 2003 xo 000 0 slo d | ||
| 035 | |a vtls008640102 | ||
| 039 | 9 | |y 200603281401 |z mschk03 | |
| 040 | |a STUSCHK1 |b slo |c STUSCHK1 |e AACR2 | ||
| 080 | |a 664.04.01 | ||
| 100 | 1 | |a Szemes, Vojtech | |
| 245 | 1 | |a Pekárske a cukrárske technologické výpočty | |
| 260 | |a Bratislava |b Cecch pekárov a cukrárov regionu západného Slovenska |c 2003 | ||
| 300 | |a 79 s. | ||
| 650 | 0 | |a pekárske výpočty | |
| 650 | 0 | |a cukrárske výpočty | |
| 700 | 1 | |a Semančák, Demeter | |
| 910 | |a SCHK95 | ||
| 999 | |c 169 |d 169 | ||